[Event "Ogolnopolska Olimpiada Mlodziezy w Sportach Umyslowych - D14"]
[Site "Walbrzych, Zamek Ksiaz"]
[Date "2013-04-17"]
[Round "7.13"]
[White "Kwiatkowska, Agnieszka"]
[Black "Tkaczyk, Weronika"]
[Result "1-0"]
[WhiteTitle "II+"]
[BlackTitle "II"]
[WhiteElo "1492"]
[BlackElo "1390"]

1. e4 d5 2. exd5 Qxd5 3. Nc3 Qa5 4. d4 Nf6 5. g3 c6 6. Nf3 Bg4 7. Bg2 Nbd7 8. h3
Bxf3 9. Qxf3 e6 10. O-O Be7 11. Ne2 O-O 12. c3 Rad8 13. Bd2 Nb6 14. Qd3 e5 15.
Qc2 exd4 16. Nxd4 Nc4 17. Nf3 Nxd2 1-0

[Event "Ogolnopolska Olimpiada Mlodziezy w Sportach Umyslowych - D14"]
[Site "Walbrzych, Zamek Ksiaz"]
[Date "2013-04-17"]
[Round "7.14"]
[White "Mazgaj, Zuzanna"]
[Black "Pluta, Natalia"]
[Result "0-1"]
[WhiteTitle "II"]
[BlackTitle "II"]
[WhiteElo "1371"]
[BlackElo "1475"]

1. d4 d5 2. c4 e6 3. Nc3 c6 4. cxd5 exd5 5. Nf3 Nf6 6. Bg5 Be7 7. e3 Nbd7 8. Qc2
O-O 9. Bd3 Re8 10. Nd2 Nf8 11. h3 Ng6 12. Bxg6 hxg6 13. g4 Be6 14. O-O-O c5 15.
dxc5 Bxc5 16. Kb1 Rc8 17. a3 Qb6 18. Na4 Qb5 19. Nxc5 Rxc5 20. Qb3 Qa6 21. Nf3
d4 22. Qd3 Bd5 23. Qxa6 bxa6 24. Bxf6 gxf6 25. exd4 Be4+ 26. Ka1 Rcc8 27. Nd2
Bxh1 28. Rxh1 Re2 29. Nb3 Rcc2 30. Rb1 Rxf2 31. d5 Kf8 32. Re1 Rfe2 33. Rb1 Re5
34. Rd1 Rce2 35. Ka2 Ke7 36. Nd4 Rxd5 37. Nf5+ Ke6 38. Nd4+ Ke5 39. Nf3+ Ke4 40.
Nd2+ Rdxd2 41. Rxd2 0-1

[Event "Ogolnopolska Olimpiada Mlodziezy w Sportach Umyslowych - D14"]
[Site "Walbrzych, Zamek Ksiaz"]
[Date "2013-04-17"]
[Round "7.15"]
[White "Sekowska, Helena"]
[Black "Pedrak, Paulina"]
[Result "1/2-1/2"]
[WhiteTitle "II+"]
[BlackTitle "I"]
[WhiteElo "1459"]
[BlackElo "1371"]

1. e4 e6 2. d4 d5 3. Nd2 Nf6 4. e5 Nfd7 5. Bd3 c5 6. c3 Qb6 7. Ne2 Nc6 8. Nf3 f6
9. Nf4 Ndb8 10. O-O f5 11. c4 dxc4 12. Bxc4 Nxd4 13. Nxd4 cxd4 14. Qh5+ Kd8 15.
Ng6 hxg6 16. Qxh8 Ke8 17. b3 Nc6 18. Ba3 Nb4 19. Rad1 a5 20. Rd2 Bd7 21. Rfd1
Kf7 22. Bxb4 axb4 23. Rxd4 Bc6 24. R4d2 Qc7 25. Re1 b5 26. Bf1 Bc5 27. Qh4 Qb6
28. Red1 Bd5 29. Qg3 Rh8 30. Qd3 Rb8 31. Qg3 Rh8 32. Be2 Be7 33. Qd3 Bc5 34. Bf3
Rd8 35. Bxd5 Rxd5 36. Qe2 Rxd2 37. Qxd2 Be7 38. Qd4 Qa5 39. Rd2 Qc7 40. h3 Qc1+
41. Kh2 Qc7 42. Kg1 Qc1+ 43. Rd1 Qc2 44. Qd2 Qc7 45. Qe2 Qc6 46. Rd3 Qc1+ 47.
Qd1 Qb2 48. Rd7 Qxe5 49. Qd2 Qa1+ 50. Kh2 Qe5+ 51. Kg1 1/2-1/2

[Event "Ogolnopolska Olimpiada Mlodziezy w Sportach Umyslowych - D14"]
[Site "Walbrzych, Zamek Ksiaz"]
[Date "2013-04-17"]
[Round "7.16"]
[White "Klisz, Karolina"]
[Black "Ziziuk, Martyna"]
[Result "1/2-1/2"]
[WhiteTitle "II"]
[BlackTitle "II"]
[WhiteElo "1342"]
[BlackElo "1361"]

1. e4 e5 2. d4 exd4 3. c3 d6 4. cxd4 Nf6 5. Nc3 Be7 6. Nf3 O-O 7. Bd3 Bg4 8. O-O
Nc6 9. Bc2 Re8 10. Be3 h6 11. h3 Bh5 12. Qe2 a6 13. Rad1 Qc8 14. Bf4 Nh7 15. Qe3
Bg5 16. Rd2 Bxf4 17. Qxf4 Bxf3 18. Qxf3 Qd8 19. a3 Qf6 20. Qd3 Nf8 21. Nd5 Qd8
22. Qg3 Nb8 23. Re1 c6 24. Ne3 Qf6 25. Nf5 Qg5 26. Qxg5 hxg5 27. Nxd6 Re7 28.
Re3 Rd7 29. e5 a5 30. Rg3 f6 31. Ne4 fxe5 32. dxe5 Rxd2 33. Nxd2 Nbd7 34. Rxg5
Re8 35. f4 Ne6 36. Rg4 Nd4 37. Bb3+ Nxb3 38. Nxb3 Nxe5 39. fxe5 Rxe5 40. Rf4 Rb5
41. Rf3 a4 42. Nd2 Rxb2 43. Nc4 Rb1+ 44. Kf2 b5 45. Nd2 Rc1 46. Ke2 c5 47. Rf1
Rc3 48. Rb1 Rxa3 49. Rxb5 Rg3 50. Kf2 Rd3 51. Nc4 Rc3 52. Rxc5 a3 53. Ra5 Rxc4
54. Rxa3 Kh7 55. Rf3 Rc2+ 56. Kg3 Kh6 57. h4 g6 58. Kh3 Rc4 59. Kg3 Kh5 60. Rf4
1/2-1/2

[Event "Ogolnopolska Olimpiada Mlodziezy w Sportach Umyslowych - D14"]
[Site "Walbrzych, Zamek Ksiaz"]
[Date "2013-04-17"]
[Round "7.17"]
[White "Sobczak, Marta"]
[Black "Maciak, Gabriela"]
[Result "1-0"]
[WhiteTitle "I"]
[BlackTitle "II"]
[WhiteElo "1516"]
[BlackElo "1433"]

1. d4 d5 2. c4 c6 3. Nc3 Nf6 4. Bf4 dxc4 5. e3 Nd5 6. Bxb8 Rxb8 7. Bxc4 e6 8. Nge2
Bd6 9. a3 O-O 10. e4 Nb6 11. Ba2 f5 12. e5 Bc7 13. Nf4 Nd5 14. Ncxd5 cxd5 15.
O-O Bd7 16. Rc1 Bb6 17. Rc3 Qg5 18. Rf3 Rfe8 19. Re1 Rbc8 20. Ne2 Bb5 21. Nf4
Rc6 22. a4 Bc4 23. b3 Ba6 24. b4 Bc4 25. Bb1 a6 26. a5 Ba7 27. Bc2 Bb5 28. Bb3
Rc7 29. h3 Rc6 30. Nxd5 Kh8 31. Nf4 Qe7 32. Qd2 Qd7 33. Rd1 Qc8 34. Qa2 Qc7 35.
Nxe6 Qc8 36. Nc5 Bxc5 37. bxc5 g6 38. Bd5 Rc7 39. Bc4 Bxc4 40. Qxc4 Rd7 41. Qc3
Rxe5 42. Re3 Rxc5 43. dxc5+ Kg8 44. Rxd7 Qxd7 45. Qb3+ 1-0

[Event "Ogolnopolska Olimpiada Mlodziezy w Sportach Umyslowych - D14"]
[Site "Walbrzych, Zamek Ksiaz"]
[Date "2013-04-17"]
[Round "7.18"]
[White "Koperska, Nina"]
[Black "Godek, Martyna"]
[Result "0-1"]
[WhiteTitle "II"]
[BlackTitle "II"]
[WhiteElo "1388"]
[BlackElo "1378"]

1. e4 e5 2. Nf3 Nc6 3. Bb5 Bc5 4. O-O d6 5. d4 exd4 6. Nxd4 Bd7 7. Nb3 Bb6 8. Nc3
h6 9. Nd5 Nf6 10. Nxb6 axb6 11. Re1 O-O 12. c3 Ne5 13. Bxd7 Qxd7 14. f3 c5 15.
Bf4 Rfd8 16. Qe2 Qc6 17. Red1 b5 18. Rd2 Nc4 19. Rd3 Rd7 20. Qf2 b6 21. Bc1 d5
22. exd5 Rxd5 23. Rxd5 Nxd5 24. Nd2 Ne5 25. Qf1 Rd8 26. Qe2 Re8 27. Nf1 Nc4 28.
Qf2 b4 29. cxb4 Nxb4 30. Bf4 Nd3 31. Qc2 Ncxb2 32. Bg3 Qf6 33. Rb1 b5 34. Nd2
Re2 35. Kf1 Qe7 36. Qc3 b4 37. Qc2 Qe3 38. Nc4 Nxc4 39. Qxc4 Rf2+ 40. Kg1 Rc2+
0-1

[Event "Ogolnopolska Olimpiada Mlodziezy w Sportach Umyslowych - D14"]
[Site "Walbrzych, Zamek Ksiaz"]
[Date "2013-04-17"]
[Round "7.19"]
[White "Kruszewska, Justyna"]
[Black "Wojcik, Jagoda"]
[Result "0-1"]
[WhiteTitle "II"]
[BlackTitle "II"]
[WhiteElo "1350"]
[BlackElo "1388"]

1. d4 d5 2. c4 e6 3. Nc3 c6 4. Qc2 dxc4 5. Nf3 Bb4 6. e4 b5 7. Bd2 Bb7 8. a4 a6
9. Be2 Nf6 10. Bg5 Qc7 11. O-O Nbd7 12. Na2 Be7 13. axb5 cxb5 14. e5 Nd5 15. Bxe7
Nxe7 16. b3 Nb6 17. Rac1 Rc8 18. Nd2 Nf5 19. Qb2 Bd5 20. Rc2 O-O 21. Rfc1 Qd7
22. bxc4 Nxc4 23. Bxc4 Bxc4 24. Nxc4 bxc4 25. Rxc4 Rxc4 26. Rxc4 Rd8 27. h3 Nxd4
28. Rb4 Nc6 29. Rb7 Qd5 30. Nb4 Nxb4 31. Rxb4 Kf8 32. Qa3 Qc5 33. Ra4 Qxa3 34.
Rxa3 Ra8 35. Ra5 Ke7 36. f4 Kd7 37. Kf2 Kc6 38. Ke3 Kb6 39. Ra2 a5 40. Kd4 a4
41. Kc4 Kc6 42. Ra3 Ra7 43. g3 Ra6 44. h4 h5 45. Rd3 Kc7 46. Ra3 Kc6 47. Rd3 a3
48. Rd6+ Kb7 49. Rd7+ Kc8 50. Rd1 a2 51. Ra1 Kc7 52. Kb3 Kc6 53. Kb2 Ra7 54. Rc1+
Kd5 55. Ka1 Ke4 56. Rc3 Kd4 57. Rb3 Ke4 58. Rc3 Kf5 59. Re3 f6 0-1

[Event "Ogolnopolska Olimpiada Mlodziezy w Sportach Umyslowych - D14"]
[Site "Walbrzych, Zamek Ksiaz"]
[Date "2013-04-17"]
[Round "7.20"]
[White "Jurkiewicz, Zuzanna"]
[Black "Popiel, Natalia"]
[Result "0-1"]
[WhiteTitle "II+"]
[BlackTitle "II"]
[WhiteElo "1383"]
[BlackElo "1316"]

1. d4 d5 2. c4 c6 3. Nc3 Nf6 4. Bg5 Nbd7 5. e3 e6 6. a3 dxc4 7. Bxc4 Bd6 8. Nf3
O-O 9. O-O h6 10. Bh4 Qc7 11. e4 Nb6 12. Ba2 Nh7 13. Qc2 Be7 14. Bg3 Qd8 15. Rad1
Nf6 16. Bb1 g6 17. Nh4 Nh5 18. Nxg6 fxg6 19. e5 Qe8 20. Ne4 Nd5 21. Rd3 b6 22.
Rdd1 Ba6 23. Rfe1 Kg7 24. b4 Rc8 25. Kh1 Rc7 26. h3 Nxg3+ 27. Nxg3 Bg5 28. Ne4
Be7 29. Ng3 Bh4 30. Ne4 Qf7 31. Nd6 Qf4 32. Qxg6+ Kh8 33. Re4 Qg5 34. Qxe6 Nf4
35. g3 Nxe6 0-1

[Event "Ogolnopolska Olimpiada Mlodziezy w Sportach Umyslowych - D14"]
[Site "Walbrzych, Zamek Ksiaz"]
[Date "2013-04-17"]
[Round "7.21"]
[White "Robaszkiewicz, Sara"]
[Black "Zalewska, Katarzyna"]
[Result "0-1"]
[WhiteTitle "II"]
[BlackTitle "II"]
[WhiteElo "1334"]
[BlackElo "1373"]

1. f4 d5 2. Nf3 Bf5 3. e3 e6 4. b3 Nf6 5. Bb2 Nbd7 6. Bb5 c6 7. Be2 Be7 8. O-O
O-O 9. h3 h6 10. Ne5 Nxe5 11. Bxe5 Bd6 12. d4 c5 13. c3 cxd4 14. Bxd4 Qe7 15.
Nd2 Bc5 16. Nf3 Rac8 17. Bd3 Bxd3 18. Qxd3 Bxd4 19. cxd4 Ne4 20. Rac1 Qa3 21.
Rc2 Rxc2 22. Qxc2 Ng3 23. Re1 Qa6 24. Kh2 Nf1+ 25. Kg1 Ng3 26. Kh2 Ne4 27. Nd2
Qa5 28. Rd1 Qc3 29. Qxc3 Nxc3 30. Ra1 b5 31. a3 a5 32. Rc1 b4 33. a4 f6 34. Nb1
Nxb1 35. Rxb1 Rc8 36. Kg3 Rc3 37. Kf3 g5 38. g3 Kf7 39. Rb2 Kg6 40. Ke2 gxf4 41.
gxf4 Kh5 42. Kf3 Kh4 43. Rb1 Kh5 44. h4 Kg6 45. Rg1+ Kf5 46. Rb1 e5 47. fxe5 fxe5
48. dxe5 Kxe5 49. Kf2 Ke4 50. Rb2 Rxe3 51. Re2 Rxe2+ 52. Kxe2 d4 0-1

[Event "Ogolnopolska Olimpiada Mlodziezy w Sportach Umyslowych - D14"]
[Site "Walbrzych, Zamek Ksiaz"]
[Date "2013-04-17"]
[Round "7.22"]
[White "Malinowska, Monika"]
[Black "Rudol, Maria"]
[Result "1/2-1/2"]
[WhiteTitle "II+"]
[BlackTitle "II"]
[WhiteElo "1399"]
[BlackElo "1488"]

1. d4 d5 2. c4 e6 3. Nc3 Nf6 4. Bg5 c6 5. Nf3 Nbd7 6. e3 Qa5 7. a3 Ne4 8. Qa4 Qb6
9. Qc2 Qa5 10. Bf4 Bb4 11. Rc1 Bxc3+ 12. bxc3 Qxa3 13. Bd3 f5 14. O-O O-O 15.
Ne5 Qe7 16. f3 Nef6 17. Bg5 Qe8 18. Qf2 Nxe5 19. dxe5 Nd7 20. f4 dxc4 21. Bxc4
b5 22. Bd3 Nb6 23. Rfd1 c5 24. Bc2 Nd5 25. Qd2 c4 26. Rb1 Qc6 27. Bxf5 exf5 28.
Qxd5+ Qxd5 29. Rxd5 a6 30. Ra1 Re8 31. Rxb5 Bd7 32. Rd5 Bb5 33. e6 g6 34. e7 Rac8
35. Rad1 Rc7 36. Rd8 h6 37. Bh4 g5 38. fxg5 Rcxe7 39. gxh6 Rxe3 40. Rxe8+ Rxe8
41. Bg5 Kh7 42. Rd5 Kg6 43. h4 Ra8 44. Rd6+ Kh7 45. Rd5 Kg6 46. Rd6+ Kh7 1/2-1/2

[Event "Ogolnopolska Olimpiada Mlodziezy w Sportach Umyslowych - D14"]
[Site "Walbrzych, Zamek Ksiaz"]
[Date "2013-04-17"]
[Round "8.1"]
[White "Posuniak, Weronika"]
[Black "Marczuk, Anna"]
[Result "1/2-1/2"]
[WhiteTitle "I"]
[BlackTitle "I+"]
[WhiteElo "1540"]
[BlackElo "1749"]

1. d4 Nf6 2. c4 d6 3. Nc3 Nbd7 4. e4 e5 5. d5 g6 6. Bd3 Bg7 7. Bg5 O-O 8. Nf3 h6
9. Be3 Ng4 10. Qe2 Nxe3 11. Qxe3 a5 12. O-O Nc5 13. Nd2 f5 14. f3 f4 15. Qe2 g5
16. Bc2 Rf7 17. Na4 Nxa4 18. Bxa4 Bf8 19. g4 fxg3 20. hxg3 Bg7 21. g4 Bd7 22.
Bxd7 Qxd7 23. a4 Raf8 24. Qe3 Rf4 25. Kg2 h5 26. Kh2 hxg4 27. fxg4 Qxg4 28. Rxf4
exf4 29. Qh3 Qe2+ 30. Qg2 Qxg2+ 31. Kxg2 Bxb2 32. Rh1 Kg7 33. Kf3 Bf6 34. Kg4
Re8 35. Rh3 Kg6 36. Rb3 b6 37. Rh3 Rc8 38. Rh1 Re8 39. Rh3 Rc8 40. Rh1 Re8 41.
Rh3 Re7 42. Rh5 Bc3 43. Rxg5+ Kf7 44. Rf5+ Ke8 45. Nb1 Bb4 46. Kxf4 Rh7 47. e5
Rh1 48. e6 Rxb1 49. Rh5 Rf1+ 50. Kg5 Bd2+ 51. Kg6 Rg1+ 52. Kf5 Rf1+ 53. Kg6 Rg1+
54. Kf5 Bc3 55. Rh7 Bg7 56. Ke4 Rg2 57. Kf5 Ke7 58. Rh3 Rf2+ 59. Kg6 Rg2+ 60.
Kf5 Rf2+ 61. Kg6 Rg2+ 62. Kf5 1/2-1/2

[Event "Ogolnopolska Olimpiada Mlodziezy w Sportach Umyslowych - D14"]
[Site "Walbrzych, Zamek Ksiaz"]
[Date "2013-04-17"]
[Round "8.2"]
[White "Glapa, Anna"]
[Black "Dmochowska, Agnieszka"]
[Result "0-1"]
[WhiteTitle "I++"]
[BlackTitle "WCM"]
[WhiteElo "1660"]
[BlackElo "1794"]

1. e4 c5 2. Nf3 d6 3. d4 cxd4 4. Nxd4 Nf6 5. Nc3 g6 6. Bg5 Bg7 7. Qd2 O-O 8. O-O-O
Nc6 9. Nxc6 bxc6 10. e5 Nd5 11. Nxd5 cxd5 12. exd6 Qxd6 13. Qxd5 Qb6 14. b3 Qb4
15. Qxa8 Qa3+ 16. Kd2 Qa5+ 17. Ke3 Qxg5+ 18. f4 Qc5+ 19. Kd2 Bc3+ 20. Ke2 Bg4+
21. Qf3 Bxf3+ 22. Kxf3 Qc6+ 23. Kf2 Qe4 24. Bd3 Bd4+ 25. Kg3 Qe3+ 26. Kg4 h5+
27. Kg5 Bf6+ 28. Kh6 Qxf4# 0-1

[Event "Ogolnopolska Olimpiada Mlodziezy w Sportach Umyslowych - D14"]
[Site "Walbrzych, Zamek Ksiaz"]
[Date "2013-04-17"]
[Round "8.3"]
[White "Murawko, Julia"]
[Black "Kubicka, Anna"]
[Result "0-1"]
[WhiteTitle "I"]
[BlackTitle "I+"]
[WhiteElo "1651"]
[BlackElo "1686"]

1. e4 d6 2. d4 Nf6 3. Nc3 e5 4. Nf3 Nbd7 5. Be2 Be7 6. O-O O-O 7. h3 c6 8. a4 a5
9. Be3 Qc7 10. Bd3 exd4 11. Nxd4 Nc5 12. f4 Nxd3 13. cxd3 Rb8 14. Qf3 Bd7 15.
Rac1 c5 16. Ndb5 Qd8 17. d4 Bxb5 18. Nxb5 d5 19. exd5 Qxd5 20. dxc5 Qb3 21. Nd4
Qxb2 22. Nf5 Bd8 23. Bd4 Qa2 24. Qg3 g6 25. Qg5 Qe6 26. Nh6+ Kg7 27. Rfe1 Qc6
28. Ng4 h5 29. Qh6+ Kg8 30. Ne5 Qxa4 31. Rcd1 Re8 32. Kh1 Re7 33. Nxg6 fxg6 34.
Be5 Ra8 35. Rd6 Rh7 36. Qg5 Qe8 37. Bc3 Re7 38. Red1 Re6 39. Rxe6 Qxe6 40. Rd6
Qf5 41. Bxf6 Bxf6 42. Rxf6 Qxg5 43. fxg5 Kg7 44. Rb6 Ra7 45. c6 bxc6 46. Rxc6
a4 47. Kg1 a3 48. Rc1 a2 49. Ra1 Kf7 50. Kf1 Ke6 51. Ke2 Ra3 52. Ke1 Kf5 53. Kf2
Kxg5 54. Kg1 Kf4 55. Kf2 Ke4 56. Ke2 Kd4 57. Kd1 Kc3 58. Kc1 Kb3 59. g3 Ra5 60.
g4 hxg4 0-1

[Event "Ogolnopolska Olimpiada Mlodziezy w Sportach Umyslowych - D14"]
[Site "Walbrzych, Zamek Ksiaz"]
[Date "2013-04-17"]
[Round "8.4"]
[White "Topolan, Agata"]
[Black "Antolak, Julia"]
[Result "0-1"]
[WhiteTitle "II+"]
[BlackTitle "I+"]
[WhiteElo "1449"]
[BlackElo "1747"]

1. e4 Nf6 2. e5 Nd5 3. d4 d6 4. c4 Nb6 5. exd6 cxd6 6. Nc3 g6 7. Nf3 Bg7 8. h3
O-O 9. Bd3 Nc6 10. Be3 e5 11. d5 Ne7 12. Nh2 Nf5 13. Bd2 Re8 14. Ne4 Nd4 15. Ng4
f6 16. Nh6+ Kf8 17. Qc1 Bf5 18. g4 Nf3+ 19. Ke2 Bxe4 20. Bxe4 Nxd2 21. Qxd2 Nxc4
22. Qb4 Bxh6 23. Qxc4 Qb6 24. b3 Rac8 25. Qd3 Rc5 26. Qf3 Bg7 27. h4 Qb5+ 28.
Ke1 Rec8 29. Kd2 Qb4+ 30. Ke2 Rc3 31. Qg2 Qb5+ 32. Kd2 Qb4 33. Ke2 R8c4 34. f3
Rc2+ 35. Bxc2 Rxc2+ 36. Kf1 Qb5+ 37. Kg1 Rxg2+ 38. Kxg2 Qe2+ 39. Kg3 f5 0-1

[Event "Ogolnopolska Olimpiada Mlodziezy w Sportach Umyslowych - D14"]
[Site "Walbrzych, Zamek Ksiaz"]
[Date "2013-04-17"]
[Round "8.5"]
[White "Konopacka, Martyna"]
[Black "Kaniewska, Emilia"]
[Result "0-1"]
[WhiteTitle "I"]
[BlackTitle "I"]
[WhiteElo "1674"]
[BlackElo "1677"]

1. e4 c5 2. Nc3 a6 3. g3 b5 4. Bg2 Bb7 5. d3 e6 6. Qe2 Be7 7. f4 Nc6 8. Nf3 b4
9. Nd1 d5 10. e5 Nh6 11. Ne3 O-O 12. O-O Nd4 13. Qf2 Rb8 14. a3 a5 15. h3 Nxf3+
16. Bxf3 f6 17. exf6 Rxf6 18. Ng4 Nxg4 19. Bxg4 e5 20. Qe2 e4 21. Re1 Rf8 22.
Be6+ Kh8 23. axb4 cxb4 24. dxe4 Qb6+ 25. Be3 Qxe6 26. Rxa5 Qxh3 27. Bf2 dxe4 28.
Rh5 Qd7 29. Rd1 Qc6 30. Bd4 Qg6 31. Qh2 e3 32. Re1 Bf3 33. Ra5 e2 34. Ra7 Bf6
35. Bf2 Bxb2 36. Re7 Rb5 0-1

[Event "Ogolnopolska Olimpiada Mlodziezy w Sportach Umyslowych - D14"]
[Site "Walbrzych, Zamek Ksiaz"]
[Date "2013-04-17"]
[Round "8.6"]
[White "Najuch, Natalia"]
[Black "Parol, Pola"]
[Result "0-1"]
[WhiteTitle "II"]
[BlackTitle "I"]
[WhiteElo "1312"]
[BlackElo "1638"]

1. d4 Nf6 2. c4 g6 3. Nc3 Bg7 4. Nf3 O-O 5. g3 c6 6. Bg2 d5 7. cxd5 cxd5 8. Bf4
Nc6 9. O-O Ne4 10. Qb3 Nxc3 11. bxc3 Na5 12. Qb5 Nc4 13. Ne5 Nxe5 14. Bxe5 f6
15. Bf4 g5 16. Be3 e6 17. Rfc1 a6 18. Qb3 b5 19. a4 Bd7 20. axb5 Bxb5 21. Qb2
Rb8 22. Qd2 Qd7 23. f3 Rb6 24. Bf2 Rfb8 25. Rcb1 Bc4 26. Rxb6 Rxb6 27. e4 h6 28.
Bh3 Qb7 29. Qc2 Rb2 30. Bxe6+ Kh8 31. Qc1 Rb6 32. Bf5 Qc7 33. Qe1 Bd3 34. Qd2
Qc4 35. Bg4 dxe4 36. fxe4 Bxe4 37. Qe1 f5 38. Be2 Qe6 39. d5 Bxd5 40. Bxb6 Qxb6+
41. Kf1 Qe3 42. Qc1 Qe4 43. Ke1 Bc4 44. Qb2 Bxe2 45. Kd2 Qd3+ 0-1

[Event "Ogolnopolska Olimpiada Mlodziezy w Sportach Umyslowych - D14"]
[Site "Walbrzych, Zamek Ksiaz"]
[Date "2013-04-17"]
[Round "8.7"]
[White "Cieslak, Wiktoria"]
[Black "Olechnicka, Karolina"]
[Result "0-1"]
[WhiteTitle "I"]
[BlackTitle "I"]
[WhiteElo "1532"]
[BlackElo "1665"]

1. e4 c5 2. Nf3 d6 3. d4 cxd4 4. Nxd4 Nf6 5. Nc3 a6 6. Bg5 e6 7. f4 Be7 8. Qf3
Nbd7 9. Bc4 Nb6 10. Bb3 Qc7 11. O-O-O Bd7 12. g4 h6 13. Bxf6 Bxf6 14. h4 Qc5 15.
Nde2 Be7 16. g5 Nc4 17. Nd4 b5 18. e5 d5 19. Rhg1 a5 20. f5 Nxb2 21. Kxb2 a4 22.
Nb1 axb3 23. cxb3 Qa7 24. Kc3 Qxa2 25. Kd3 Qa6 26. fxe6 Bxe6 27. gxh6 b4+ 28.
Ke3 Rxh6 29. h5 Rh7 30. Nxe6 Qxe6 31. Qxd5 Qb6+ 32. Ke2 Ra2+ 33. Nd2 Qa6+ 34.
Kf3 Kf8 35. Rh1 Rc2 36. Nc4 Rc3+ 37. Rd3 Rxd3+ 38. Qxd3 Qc6+ 39. Qe4 Qxe4+ 40.
Kxe4 g6 41. h6 Bg5 42. Nb6 Rxh6 43. Rxh6 Bxh6 44. Nd5 Bd2 45. Kd3 Be1 46. Ke2
Bg3 47. Nxb4 Bxe5 48. Nc6 Bc7 49. Ke3 Ke8 50. Ke4 Kd7 51. Kd5 f5 52. Nd4 Ke7 53.
b4 Kf6 54. b5 g5 55. Ne6 Ba5 56. Nc5 g4 57. Nd3 Kg5 58. Nc1 g3 59. Ne2 Kg4 60.
Kd4 g2 0-1

[Event "Ogolnopolska Olimpiada Mlodziezy w Sportach Umyslowych - D14"]
[Site "Walbrzych, Zamek Ksiaz"]
[Date "2013-04-17"]
[Round "8.8"]
[White "Dwilewicz, Katarzyna"]
[Black "Kwiatkowska, Agnieszka"]
[Result "1/2-1/2"]
[WhiteTitle "I"]
[BlackTitle "II+"]
[WhiteElo "1635"]
[BlackElo "1492"]

1. e4 d5 2. exd5 Qxd5 3. Nc3 Qa5 4. d4 Nf6 5. Nf3 c6 6. Bc4 Bg4 7. O-O e6 8. h3
Bh5 9. Qe2 Bd6 10. Re1 Bxf3 11. Qxf3 O-O 12. Bd2 Qc7 13. Ne4 Nbd7 14. Nxd6 Qxd6
15. c3 Nd5 16. Rad1 N7f6 17. a3 Ne7 18. Bf4 Qd7 19. Bg5 Nfd5 20. Bxd5 Nxd5 21.
Qg3 Kh8 22. Rd3 Qc7 23. Qh4 Rae8 24. c4 Ne7 25. Bxe7 Qxe7 26. Qg4 Qd8 27. Rg3
Rg8 28. Qf4 Ref8 29. Re5 g6 30. h4 Kg7 31. h5 Re8 32. hxg6 hxg6 33. Rh5 Rh8 34.
Rxh8 Rxh8 35. Qe5+ Qf6 36. Qxf6+ Kxf6 37. Rb3 Rb8 38. Kf1 b6 39. Ke2 Rd8 40. Ke3
Rh8 41. Rb4 Ra8 42. c5 b5 43. Rb3 a5 44. Kd2 Rd8 45. Rf3+ Ke7 46. Ke3 Rh8 47.
Kf4 Rh5 48. g4 Rd5 49. Ke4 Rd8 50. Rh3 Kf6 51. Rh7 a4 52. f4 Ke7 53. Rh3 Kf6 1/2-1/2

[Event "Ogolnopolska Olimpiada Mlodziezy w Sportach Umyslowych - D14"]
[Site "Walbrzych, Zamek Ksiaz"]
[Date "2013-04-17"]
[Round "8.9"]
[White "Pluta, Natalia"]
[Black "Karleszko, Karolina"]
[Result "1-0"]
[WhiteTitle "II"]
[BlackTitle "I"]
[WhiteElo "1475"]
[BlackElo "1622"]

1. e4 c5 2. c4 Nc6 3. Nc3 e6 4. g3 Nf6 5. Bg2 Be7 6. Nge2 O-O 7. d3 a6 8. O-O Rb8
9. a4 d6 10. Be3 Qb6 11. b3 Ng4 12. Bf4 Rd8 13. h3 Nge5 14. Na2 Bf6 15. Rb1 Nb4
16. Nxb4 Qxb4 17. Bd2 Qb6 18. Bc3 Qc7 19. f4 Nd7 20. Bd2 b5 21. Qc2 b4 22. g4
Bb7 23. h4 Bxh4 24. g5 d5 25. Rf3 dxe4 26. dxe4 Ne5 27. fxe5 Qxe5 28. Bf4 Qxe4
29. Qxe4 Bxe4 30. Rh3 Bxb1 31. Bxb8 Bxg5 32. Ba7 Rd2 33. Kf2 Bf5 34. Rh1 Bc2 35.
Bxc5 Bxb3 36. Bxb4 Ra2 37. c5 Rxa4 38. Bc3 Rc4 39. Rb1 h6 40. Rxb3 Rxc5 41. Rb8+
Kh7 42. Ra8 Rf5+ 43. Kg3 Rb5 44. Be4+ f5 45. Ra7 fxe4 46. Rxg7+ Kh8 47. Rxg5+
Kh7 48. Rg7+ Kh8 49. Nf4 e5 50. Re7 Rb3 51. Ne2 Kg8 52. Rxe5 Ra3 53. Rxe4 a5 54.
Kg4 Ra2 55. Kh5 Kf7 56. Kxh6 a4 57. Kg5 Rc2 58. Bb4 Kg8 59. Ba3 Rc6 60. Rxa4 Rb6
61. Nf4 Kh7 62. Ra7+ Kg8 63. Nh5 Rb5+ 64. Kg6 1-0

[Event "Ogolnopolska Olimpiada Mlodziezy w Sportach Umyslowych - D14"]
[Site "Walbrzych, Zamek Ksiaz"]
[Date "2013-04-17"]
[Round "8.10"]
[White "Karykowska, Anna"]
[Black "Kozubal, Aleksandra"]
[Result "0-1"]
[WhiteTitle "I"]
[BlackTitle "I"]
[WhiteElo "1493"]
[BlackElo "1477"]

1. e4 c5 2. Nf3 Nc6 3. d4 cxd4 4. Nxd4 g6 5. Nc3 Bg7 6. Be3 Nf6 7. Bc4 O-O 8. Bb3
a6 9. O-O b5 10. f3 Bb7 11. Nd5 e6 12. Nxc6 dxc6 13. Bb6 Qb8 14. Nc7 a5 15. Nxa8
Bxa8 16. Bf2 a4 17. Bxa4 bxa4 18. Qd4 Ng4 19. e5 Nxf2 20. Qxf2 Bxe5 21. f4 Bc7
22. c4 Qb4 23. Rac1 Rb8 24. Rc2 Bb7 25. Kh1 Ba6 26. Qd4 Rd8 27. Qe4 c5 28. h3
Bb7 29. Qe2 Rd4 30. a3 Qa5 31. Qe3 Re4 32. Qg3 Ba6 33. Qd3 Rd4 34. Qe2 Rxf4 35.
Rxf4 Bxf4 36. Qf2 Be5 37. Rc1 Bd4 38. Qf4 Qb6 39. Rf1 Qb7 40. Qd2 Bxc4 41. Rc1
Bd5 42. Rb1 Be4 43. Re1 Bf5 44. Re2 Bxh3 45. Qa5 Bg4 46. Rd2 Qe7 47. g3 Qf6 48.
Qb5 Qf3+ 49. Kh2 Qe3 50. Rg2 Qh6# 0-1

[Event "Ogolnopolska Olimpiada Mlodziezy w Sportach Umyslowych - D14"]
[Site "Walbrzych, Zamek Ksiaz"]
[Date "2013-04-17"]
[Round "8.11"]
[White "Skorupa, Oliwia"]
[Black "Pedrak, Paulina"]
[Result "1/2-1/2"]
[WhiteTitle "II+"]
[BlackTitle "I"]
[WhiteElo "1510"]
[BlackElo "1371"]

1. e4 e6 2. d4 d5 3. e5 c5 4. c3 Qb6 5. Nf3 Nc6 6. a3 Bd7 7. b4 cxd4 8. cxd4 Rc8
9. Be2 Nge7 10. O-O Nf5 11. Bb2 Be7 12. g4 Nh6 13. h3 f5 14. exf6 gxf6 15. Qd2
Nf7 16. Qe3 h5 17. Nbd2 hxg4 18. hxg4 Rg8 19. Nh2 Bd6 20. Kh1 Qc7 21. f4 Ne7 22.
Rf2 Rh8 23. Ndf1 f5 24. Bc1 a5 25. Bd2 a4 26. Rc1 Qb6 27. Kg1 Kd8 28. Bd3 fxg4
29. Nxg4 Rg8 30. Rg2 Rxc1 31. Bxc1 Nc6 32. Bb2 Qc7 33. Bc1 Qb6 34. Bb2 Qc7 35.
Bc1 Qb6 36. Bb2 Qc7 1/2-1/2

[Event "Ogolnopolska Olimpiada Mlodziezy w Sportach Umyslowych - D14"]
[Site "Walbrzych, Zamek Ksiaz"]
[Date "2013-04-17"]
[Round "8.12"]
[White "Daliga, Anita"]
[Black "Momot, Weronika"]
[Result "1/2-1/2"]
[WhiteTitle "II"]
[BlackTitle "I"]
[WhiteElo "1347"]
[BlackElo "1460"]

1. e4 e6 2. d4 d5 3. exd5 exd5 4. Bd3 Nc6 5. Ne2 Bd6 6. c3 Qh4 7. Ng3 Bxg3 8. fxg3
Qe7+ 9. Qe2 Qxe2+ 10. Bxe2 Nf6 11. O-O Ne4 12. Nd2 Be6 13. Bd3 f5 14. g4 O-O 15.
gxf5 Bxf5 16. Nxe4 dxe4 17. Bc2 Rae8 18. Be3 a6 19. Rae1 Kh8 20. Bc1 Na7 21. Bxe4
Bxe4 22. Rxf8+ Rxf8 23. Rxe4 Nc8 24. Rf4 Re8 25. Kf2 Nd6 26. Rf3 Ne4+ 27. Kf1
Nf6 28. h3 c6 29. Re3 Rf8 30. Ke2 Nd5 31. Rf3 Re8+ 32. Kd3 Kg8 33. Be3 b5 34.
a3 h6 35. b3 Nb6 36. c4 bxc4+ 37. bxc4 Nd7 38. Bf4 Rd8 39. Kc3 Nf6 40. Be5 Ne4+
41. Kb4 Rd7 42. Ka5 Nd2 43. Rc3 Ne4 44. Re3 Nd2 45. Kxa6 Nxc4 46. Rc3 Nxe5 47.
dxe5 Rd8 48. e6 Kf8 49. Kb7 Ke7 50. Rxc6 Rd3 51. Rc7+ Kxe6 52. Rxg7 Rxa3 53. Rg6+
Kf7 54. Rxh6 Rg3 1/2-1/2

[Event "Ogolnopolska Olimpiada Mlodziezy w Sportach Umyslowych - D14"]
[Site "Walbrzych, Zamek Ksiaz"]
[Date "2013-04-17"]
[Round "8.13"]
[White "Godek, Martyna"]
[Black "Sobczak, Marta"]
[Result "1-0"]
[WhiteTitle "II"]
[BlackTitle "I"]
[WhiteElo "1378"]
[BlackElo "1516"]

1. e4 e6 2. d4 d5 3. exd5 exd5 4. Be3 Bd6 5. Bd3 Ne7 6. Ne2 c6 7. Bf4 Bxf4 8. Nxf4
Qb6 9. Nc3 Qxd4 10. Qd2 Qe5+ 11. Nfe2 Bf5 12. f3 Bxd3 13. Qxd3 Nd7 14. O-O O-O
15. Rfe1 Qf5 16. Qd2 Rfe8 17. Ng3 Qf6 18. Nh5 Qg6 19. Ng3 Qd6 20. a3 Ng6 21. Nce4
Qc7 22. Nf2 Nf6 23. Nd3 b6 24. b4 Qd7 25. Nf4 Rxe1+ 26. Rxe1 Re8 27. Nxg6 hxg6
28. Re3 Kf8 29. Nf1 Nh5 30. c4 Nf6 31. Rd3 Qe7 32. Re3 Qd7 33. Rd3 Qc8 34. Ne3
dxc4 35. Nxc4 Qc7 36. Ne3 Qe7 37. g3 c5 38. bxc5 Qxc5 39. Rc3 Qe7 40. Kf2 Rd8
41. Rd3 Rc8 42. Rc3 Rd8 43. Rd3 Rb8 44. Rc3 a6 45. Qc2 Re8 46. Qd2 b5 47. Qd3
Rd8 48. Qc2 Re8 49. Qd2 Kg8 50. Qd3 Qa7 51. Kf1 Qb7 52. Kg2 Qe7 53. Kf2 Nh7 54.
Qd2 Nf6 55. Rd3 Nh7 56. Qd1 Ng5 57. Kg2 a5 58. Qb3 b4 59. axb4 axb4 60. Qd1 Ra8
61. Qb1 Qb7 62. Nc2 Qe7 63. Re3 1-0